LEADER 01221nam a2200313 i 4500 001 000000177945 003 CaOOAMICUS 005 20181002103150.0 008 090302s2008 it u000 u ita u 013 $a155514 020 $a978-88-238-5092-7 040 $aSeMil$bita 100 1 $aZappa, Gino.$0(OLS)http://semarc/name/10824 245 10$aGino Zappa /$ca cura di M. A. Romani. 260 $aMilano :$bEgea,$c2008. 300 $aXV, 261 p., [22] p. di tav., [5] c. di tav. ripieg. ;$c24 cm. 490 0 $aI maestri della Bocconi 500 $aIn custodia. - Dono del Card. Dionigi Tettamanzi. 650 4$aZappa, Gino.$0(OLS)http://semarc/subject/33981 700 1 $aRomani, Marzio Achille,$d<1938- >.$0(OLS)http://semarc/name/98187 830 2$aI maestri della Bocconi.$0(OLS)http://semarc/title/27473 850 $aSeMil 852 $aSeMil$W1$xVenegono$y1$m3J V 277$j128741$B128741$CSeMilBibl$Z2$F141015 $81 941 1 $a5 961 $aOmaggio: Tettamanzi Card. Dionigi 996 $6020$a978-88-238-5092-7$9(OLS)http://semarc/number/166864 996 $6245$aGino Zappa$9(OLS)http://semarc/title/255566 996 $6260$aMilano :$bEgea$9(OLS)http://semarc/publisher/33883 LEADER 01255nam a2200289 i 4500 001 000000124766 003 CaOOAMICUS 005 20050920000000.0 008 050920s2000 fr u000 u fre u 013 $a97463 020 $a2-213-60635-8 040 $aSeMil$bita 100 1 $aLejeune, René.$0(OLS)http://semarc/name/47250 245 10$aRobert Schuman (1886-1963), Père de l'Europe :$bLa politique, chemin de sainteté /$cRené Lejeune. 260 $a[Paris] :$bFayard,$c2000. 300 $a253 p. ;$c24 cm. 500 $aFondo Card. C.M. Martini. 600 14$aSchuman, Robert <1886-1963>.$0(OLS)http://semarc/subject/49513 650 4$aEuropa - Politica.$0(OLS)http://semarc/subject/16150 650 4$aSchuman, Robert <1886-1963> - Pensiero politico e morale.$0(OLS)http://semarc/subject/24136 850 $aSeMil 852 $aSeMil$W1$xVenegono$y1$m3N V 478$j79285$B79285$CSeMilBibl$Z2$F103653 $81 941 1 $a4 961 $aOmaggio: Martini Card. Carlo Maria 996 $6020$a2-213-60635-8$9(OLS)http://semarc/number/110566 996 $6245$aRobert Schuman (1886-1963), Père de l'Europe :$bLa politique, chemin de sainteté$9(OLS)http://semarc/title/183629 996 $6260$a[Paris] :$bFayard$9(OLS)http://semarc/publisher/30873